Quick Math - Statistics

General Stats
  • This quiz has been taken 29 times
  • The average score is 38 of 45
Answer Stats
Question Tile Select % Correct
599+677 12324 No
100%
599+677 124123 No
100%
599+677 23424 No
100%
599+677 12311 No
96%
599+677 12312 No
96%
599+677 12331 No
96%
599+677 1776 No
92%
599+677 1325 No
88%
200+1000 1200 Yes
84%
200+1000 1201 No
84%
200+1000 1222 No
84%
1276+400 12312313 No
84%
200+1000 1233 No
84%
200+1000 1234 No
84%
500+999 1244 No
84%
1276+400 1322221 No
84%
200+1000 1333 No
84%
200+1000 14441 No
84%
500+999 1498 No
84%
500+999 1499 Yes
84%
1276+400 1676 Yes
84%
1276+400 1677 No
84%
1276+400 1728 No
84%
500+999 182937 No
84%
1276+400 231231 No
84%
1276+400 231231 No
84%
1276+400 26364334 No
84%
1276+400 321 No
84%
500+999 3444 No
84%
500+999 3444 No
84%
200+1000 4665 No
84%
200+1000 51525 No
84%
500+999 6767676 No
84%
500+999 6777676 No
84%
500+999 84765 No
84%
599+677 1276 Yes
80%
900=999 1231 No
76%
900=999 12321 No
76%
900=999 1898 No
76%
900=999 21312 No
76%
900=999 2312 No
76%
900=999 231231 No
76%
900=999 31232 No
76%
900=999 1888 No
72%
900=999 1899 Yes
72%
No matching quizzes found
Score Distribution
Percent of People with Each Score
Percentile by Number Answered
Your Score History
You have not taken this quiz